000 01132nam a2200277 i 4500
003 DO-SdBNP
005 20240812155310.0
006 a||||gr|||| 00| 0
007 ta
008 240812e2000 dr |||| |||| 00| 0 spa d
040 _aDO-SdBNP
_bspa
_cBNPHU
_erda
082 4 _222
_bP438c
100 1 _aPérez Memén, Fernando
_984756
_eautor
245 1 0 _aEl comercio en la sociedad taína /
_cFernando Pérez Memén; presentación, Carlos Andújar Presina.
264 1 _aSanto Domingo :
_bMuseo del Hombre Dominicano
_bSecretaría de Estado de Cultura,
_c2000
300 _a29 páginas ;
_c21 cm.
336 _2rdacontent
_atexto
_btxt
337 _2rdamedia
_asin mediación
_bn
338 _2rdacarrier
_avolumen
_bnc
490 0 _aPapeles Ocasionales
505 _aPresentación /
_rCarlos Andújar Persina.--
_tEl Comercio en la sociedad taína.--
_tI. Actividad productiva.-- II. Las técnicas productivas.-- III.- Pesca, caza y recolección.-- IV. Intercambio.
590 _aInventariado 2024 / MF
650 4 _aComercio
_xHistoria
_941262
700 2 _aAndújar Persinal, Carlos,
_d1956-
_97737
_epresentación
942 _2ddc
_cLBS1
999 _c57414
_d57414